[Event "Wch Juvenil 2013 sub-14"]
[Site "Al-Ain UAE"]
[Date "2013.12.28"]
[Round "11.24"]
[White "Xu, Minghui"]
[Black "Manukyan, Artyom"]
[Result "1-0"]
[WhiteElo "2121"]
[BlackElo "1890"]
[PlyCount "86"]
[EventDate "2013.12.19"]
[EventType "swiss"]
[EventRounds "11"]
[EventCountry "UAE"]
[Source "lmi"]
[SourceDate "2013.12.19"]

1. Nf3 d5 2. c4 e6 3. g3 Nf6 4. Bg2 Be7 5. O-O O-O 6. d4 dxc4 7. Qc2 a6 8. Qxc4
b5 9. Qc2 Bb7 10. Bd2 Ra7 11. Rc1 Be4 12. Qd1 Bxf3 13. Bxf3 Qxd4 14. Qe1 c5 15.
a4 b4 16. Be3 Qxb2 17. Nd2 Qe5 18. Nb3 Nfd7 19. a5 Qf5 20. Ra4 Ne5 21. Bg2 Nbd7
22. Rxb4 Rc7 23. Rb6 Ng4 24. Bf4 e5 25. Bd2 c4 26. h3 Ngf6 27. g4 Nxg4 28. hxg4
Qxg4 29. Rxa6 Rfc8 30. Na1 c3 31. Rxc3 Rxc3 32. Bxc3 Qc4 33. Ra8 Rxa8 34. Bxa8
Qh4 35. Bg2 Bc5 36. Nb3 Ba7 37. e3 Qc4 38. Qd2 Nf8 39. Nc1 e4 40. Ne2 f5 41.
Nf4 Kh8 42. Bf1 Qf7 43. Qd5 Qc7 1-0

[Event "Wch Juvenil 2013 sub-14"]
[Site "Al-Ain UAE"]
[Date "2013.12.28"]
[Round "11.25"]
[White "Licheli, Luka"]
[Black "Tran, Minh Thang"]
[Result "0-1"]
[WhiteElo "1759"]
[BlackElo "2062"]
[PlyCount "110"]
[EventDate "2013.12.19"]
[EventType "swiss"]
[EventRounds "11"]
[EventCountry "UAE"]
[Source "lmi"]
[SourceDate "2013.12.19"]

1. e4 c5 2. b3 Nf6 3. e5 Nd5 4. Nf3 b6 5. g3 Bb7 6. Bg2 Nc6 7. O-O e6 8. Bb2
Be7 9. c4 Nc7 10. d4 cxd4 11. Nxd4 Rb8 12. Nxc6 dxc6 13. Qc2 O-O 14. Rd1 Qc8
15. Nc3 Rd8 16. h4 h6 17. Ne4 Ne8 18. h5 c5 19. f4 Kf8 20. g4 Qc6 21. Rf1 f5
22. exf6 Nxf6 23. Nxf6 Qxg2+ 24. Qxg2 Bxg2 25. Nh7+ Kg8 26. Kxg2 Kxh7 27. Rad1
Kg8 28. Be5 Rbc8 29. Kf3 Kf7 30. Ke4 a6 31. a4 Kg8 32. Rg1 Kf7 33. Rgf1 Kg8 34.
Rg1 Kf7 35. Rxd8 Rxd8 36. Bc7 Rd4+ 37. Ke3 b5 38. Be5 Bf6 39. Bxf6 Kxf6 40.
axb5 axb5 41. cxb5 Rb4 42. Kd3 Rxf4 43. b6 Rb4 44. Rf1+ Ke7 45. g5 hxg5 46. Rg1
g4 47. Kc3 Kf6 48. Rf1+ Kg5 49. Rf7 Rxb6 50. Rxg7+ Kxh5 51. Kc4 Rb4+ 52. Kxc5
Rxb3 53. Kd4 Kh4 54. Ke5 Rb5+ 55. Kxe6 g3 0-1

[Event "Wch Juvenil 2013 sub-14"]
[Site "Al-Ain UAE"]
[Date "2013.12.28"]
[Round "11.26"]
[White "Abbas, Daniel"]
[Black "Kololli, Martin"]
[Result "0-1"]
[BlackElo "2045"]
[PlyCount "70"]
[EventDate "2013.12.19"]
[EventType "swiss"]
[EventRounds "11"]
[EventCountry "UAE"]
[Source "lmi"]
[SourceDate "2013.12.19"]
[WhiteElo "1974"]

1. e4 e5 2. Nf3 Nc6 3. Bb5 a6 4. Ba4 Nf6 5. O-O Be7 6. d3 b5 7. Bb3 O-O 8. Nbd2
d6 9. a4 Bd7 10. c3 Na5 11. Bc2 c5 12. Re1 Re8 13. axb5 axb5 14. Nf1 h6 15. Ng3
Bf8 16. Nh4 g6 17. Nf3 Bg7 18. h3 Qc7 19. Nh2 d5 20. Ng4 Nxg4 21. hxg4 d4 22.
Rb1 b4 23. c4 b3 24. Bxb3 Nxb3 25. Qxb3 Ba4 26. Qa3 Bc2 27. Ra1 Rxa3 28. Rxa3
Qb7 29. Re2 Bd1 30. Rd2 Bxg4 31. f3 Be6 32. Rc2 Ra8 33. Rxa8+ Qxa8 34. Ne2 Qa4
35. Rd2 h5 0-1

[Event "Wch Juvenil 2013 sub-14"]
[Site "Al-Ain UAE"]
[Date "2013.12.28"]
[Round "11.27"]
[White "Patrascu, Catalin-Lucian"]
[Black "Zisiadis, Dimitrios"]
[Result "1/2-1/2"]
[WhiteElo "2033"]
[BlackElo "1827"]
[PlyCount "48"]
[EventDate "2013.12.19"]
[EventType "swiss"]
[EventRounds "11"]
[EventCountry "UAE"]
[Source "lmi"]
[SourceDate "2013.12.19"]

1. e4 c5 2. Nf3 e6 3. d4 cxd4 4. Nxd4 a6 5. Bd3 Bc5 6. Nb3 Ba7 7. Qe2 Nc6 8.
Be3 d6 9. N1d2 Nf6 10. O-O-O b5 11. f4 e5 12. f5 h5 13. h3 h4 14. Bxa7 Rxa7 15.
Nf3 Qb6 16. Rhe1 Rc7 17. Kb1 Bb7 18. Nc1 Ke7 19. Qd2 Nd4 20. Nxd4 Qxd4 21. Qg5
Qb4 22. Qxg7 Rg8 23. Qh6 Rxg2 24. Qxh4 d5 1/2-1/2

[Event "Wch Juvenil 2013 sub-14"]
[Site "Al-Ain UAE"]
[Date "2013.12.28"]
[Round "11.28"]
[White "Asgharzadeh, M.Reza"]
[Black "Wang, Yiou"]
[Result "1-0"]
[WhiteElo "2143"]
[BlackElo "1889"]
[PlyCount "83"]
[EventDate "2013.12.19"]
[EventType "swiss"]
[EventRounds "11"]
[EventCountry "UAE"]
[Source "lmi"]
[SourceDate "2013.12.19"]

1. d4 Nf6 2. c4 g6 3. Nc3 Bg7 4. e4 d6 5. Nge2 O-O 6. Ng3 e5 7. d5 Nbd7 8. Be2
a5 9. h4 Nc5 10. h5 Qe7 11. Be3 Ne8 12. Qd2 f5 13. Bg5 Bf6 14. Bxf6 Rxf6 15.
hxg6 hxg6 16. exf5 Bxf5 17. O-O-O Ng7 18. Qg5 Kf7 19. Rh7 Rg8 20. f3 Ke8 21.
Rdh1 Rf7 22. Qxe7+ Kxe7 23. Kd2 Ne8 24. Bd1 Nf6 25. Rxf7+ Kxf7 26. a3 Bd7 27.
Bc2 Kg7 28. b4 axb4 29. axb4 Na6 30. Rb1 Rh8 31. Ke2 Rh4 32. Be4 Rh2 33. Kf1
Nh5 34. Kg1 Rh4 35. Nxh5+ Rxh5 36. b5 Nb8 37. b6 c5 38. dxc6 Bxc6 39. Rd1 Bxe4
40. Nxe4 Rh8 41. Rxd6 Rc8 42. c5 1-0

[Event "Wch Juvenil 2013 sub-14"]
[Site "Al-Ain UAE"]
[Date "2013.12.28"]
[Round "11.29"]
[White "Zayan, Mohamed"]
[Black "Plenca, Jadranko"]
[Result "1/2-1/2"]
[WhiteElo "1939"]
[BlackElo "2168"]
[PlyCount "24"]
[EventDate "2013.12.19"]
[EventType "swiss"]
[EventRounds "11"]
[EventCountry "UAE"]
[Source "lmi"]
[SourceDate "2013.12.19"]

1. e4 e5 2. Nf3 Nc6 3. Bb5 a6 4. Ba4 d6 5. O-O Bd7 6. d4 b5 7. Bb3 Nxd4 8. Nxd4
exd4 9. c3 dxc3 10. Qd5 Be6 11. Qc6+ Bd7 12. Qd5 Be6 1/2-1/2

[Event "Wch Juvenil 2013 sub-14"]
[Site "Al-Ain UAE"]
[Date "2013.12.28"]
[Round "11.30"]
[White "Nikitenko, Mihail"]
[Black "Gokerkan, Cem Kaan"]
[Result "0-1"]
[WhiteElo "2125"]
[BlackElo "1960"]
[PlyCount "72"]
[EventDate "2013.12.19"]
[EventType "swiss"]
[EventRounds "11"]
[EventCountry "UAE"]
[Source "lmi"]
[SourceDate "2013.12.19"]

1. e4 c5 2. Nf3 d6 3. d4 cxd4 4. Nxd4 Nf6 5. Nc3 a6 6. Bg5 e6 7. f4 Be7 8. Qf3
Qc7 9. O-O-O Nbd7 10. Bd3 b5 11. Rhe1 Bb7 12. Nd5 Nxd5 13. exd5 Bxg5 14. Rxe6+
Be7 15. Rde1 Ne5 16. fxe5 fxe6 17. Nxe6 Qa5 18. Re2 Qb6 19. Qh5+ Kd7 20. Qg4
Bxd5 21. Nf4+ Kc6 22. Nxd5 Qg1+ 23. Kd2 Kxd5 24. c3 Rad8 25. Qxg7 Rhe8 26. exd6
Kxd6 27. Kc2 Qc5 28. Qg3+ Kc6 29. b4 Qd6 30. Be4+ Kc7 31. Qe3 Qb6 32. Qf3 Bd6
33. Rd2 Re7 34. h4 Rde8 35. Bd3 Qe3 36. Qd5 Qe6 0-1

[Event "Wch Juvenil 2013 sub-14"]
[Site "Al-Ain UAE"]
[Date "2013.12.28"]
[Round "11.31"]
[White "Panchanatham, Vignesh"]
[Black "Virtanen, Teemu"]
[Result "1/2-1/2"]
[WhiteElo "2111"]
[BlackElo "1936"]
[PlyCount "59"]
[EventDate "2013.12.19"]
[EventType "swiss"]
[EventRounds "11"]
[EventCountry "UAE"]
[Source "lmi"]
[SourceDate "2013.12.19"]

1. Nf3 d6 2. d4 c5 3. e4 g6 4. Nc3 Nd7 5. Be3 Bg7 6. Bc4 Ngf6 7. dxc5 Qa5 8.
cxd6 Nxe4 9. O-O Nxd6 10. Bb3 O-O 11. Bg5 Nf6 12. Re1 Nf5 13. Ne5 Be6 14. Bxe6
fxe6 15. Qe2 Nd4 16. Qd3 Rad8 17. Rad1 Ng4 18. b4 Nxe5 19. bxa5 Nxd3 20. cxd3
Rf5 21. Ne4 Rxa5 22. Bxe7 Rc8 23. a3 Bf8 24. Bb4 Bxb4 25. axb4 Ra4 26. Rb1 Rc2
27. h3 b6 28. Kh2 Nb5 29. Re3 Raa2 30. Kg3 1/2-1/2

[Event "Wch Juvenil 2013 sub-14"]
[Site "Al-Ain UAE"]
[Date "2013.12.28"]
[Round "11.32"]
[White "Puccini, Jack"]
[Black "Le, Minh Hoang"]
[Result "1/2-1/2"]
[WhiteElo "2073"]
[BlackElo "1927"]
[PlyCount "57"]
[EventDate "2013.12.19"]
[EventType "swiss"]
[EventRounds "11"]
[EventCountry "UAE"]
[Source "lmi"]
[SourceDate "2013.12.19"]

1. e4 c6 2. Nf3 d5 3. exd5 cxd5 4. Ne5 Nc6 5. Bb5 Bd7 6. Nxd7 Qxd7 7. d4 e6 8.
c3 Nf6 9. Nd2 a6 10. Bd3 Bd6 11. O-O O-O 12. Re1 b5 13. Nf3 b4 14. Bg5 bxc3 15.
Ne5 Bxe5 16. dxe5 cxb2 17. Rb1 Ne8 18. Rxb2 Nxe5 19. Rxe5 f6 20. Re3 fxg5 21.
Qb1 Nf6 22. Rb7 Qd6 23. Rb6 Qc5 24. Rbxe6 Rab8 25. Qd1 Rb2 26. Re2 Rxe2 27.
Rxe2 Ng4 28. Qc2 Qd6 29. g3 1/2-1/2

[Event "Wch Juvenil 2013 sub-14"]
[Site "Al-Ain UAE"]
[Date "2013.12.28"]
[Round "11.33"]
[White "Fedotov, Nikita"]
[Black "Shi, Diwen"]
[Result "1/2-1/2"]
[WhiteElo "2045"]
[BlackElo "1924"]
[PlyCount "52"]
[EventDate "2013.12.19"]
[EventType "swiss"]
[EventRounds "11"]
[EventCountry "UAE"]
[Source "lmi"]
[SourceDate "2013.12.19"]

1. Nf3 Nf6 2. c4 Nc6 3. g3 e5 4. Bg2 Bc5 5. O-O d6 6. Nc3 a6 7. a3 O-O 8. b4
Ba7 9. d3 h6 10. Bb2 Bg4 11. h3 Be6 12. Rc1 Qd7 13. Kh2 Ne7 14. c5 Ng6 15. cxd6
cxd6 16. d4 e4 17. d5 exf3 18. dxe6 fxe6 19. exf3 Ne5 20. Ne4 Nxe4 21. fxe4
Rac8 22. Rxc8 Qxc8 23. Bd4 Bxd4 24. Qxd4 Nf3+ 25. Bxf3 Rxf3 26. a4 Qc6 1/2-1/2

[Event "Wch Juvenil 2013 sub-14"]
[Site "Al-Ain UAE"]
[Date "2013.12.28"]
[Round "11.34"]
[White "Mousseri, Daniel"]
[Black "Turar, Dastan"]
[Result "1/2-1/2"]
[WhiteElo "2043"]
[BlackElo "1890"]
[PlyCount "40"]
[EventDate "2013.12.19"]
[EventType "swiss"]
[EventRounds "11"]
[EventCountry "UAE"]
[Source "lmi"]
[SourceDate "2013.12.19"]

1. e4 e6 2. d4 d5 3. Nc3 Bb4 4. e5 c5 5. Bd2 Ne7 6. Nb5 Bxd2+ 7. Qxd2 O-O 8. f4
Bd7 9. Nd6 cxd4 10. Nf3 Nbc6 11. Bd3 Qc7 12. O-O f6 13. Qe1 Be8 14. Nh4 fxe5
15. fxe5 Rxf1+ 16. Kxf1 Bg6 17. Nxg6 Nxg6 18. Bxg6 hxg6 19. Qg3 Ne7 20. Kg1 Rf8
1/2-1/2

[Event "Wch Juvenil 2013 sub-14"]
[Site "Al-Ain UAE"]
[Date "2013.12.28"]
[Round "11.35"]
[White "Spacek, Oliver"]
[Black "Mamyrbay, Assad"]
[Result "1-0"]
[WhiteElo "2041"]
[BlackElo "1904"]
[PlyCount "95"]
[EventDate "2013.12.19"]
[EventType "swiss"]
[EventRounds "11"]
[EventCountry "UAE"]
[Source "lmi"]
[SourceDate "2013.12.19"]

1. d4 Nf6 2. c4 e6 3. g3 d5 4. Bg2 Bb4+ 5. Bd2 Be7 6. Nc3 O-O 7. Nf3 Nbd7 8.
cxd5 exd5 9. O-O c6 10. Bf4 Nh5 11. Bc1 Nhf6 12. a3 a5 13. Ne5 Nxe5 14. dxe5
Ng4 15. Qd4 f6 16. exf6 Bxf6 17. Qd1 Be6 18. Na4 Qe7 19. h3 Ne5 20. Be3 Nd7 21.
Bd4 b5 22. Nc3 b4 23. Na4 Bxd4 24. Qxd4 c5 25. Qd2 Nf6 26. Rfc1 c4 27. Qd4 Rac8
28. Nb6 Rcd8 29. axb4 axb4 30. Ra5 Qf7 31. g4 Ne4 32. Bxe4 dxe4 33. Qe3 Qf6 34.
Nxc4 Bxc4 35. Rxc4 Qxb2 36. Rxe4 b3 37. Rb5 Qb1+ 38. Kg2 b2 39. Rd4 Qc1 40.
Qb3+ Kh8 41. Rxd8 Rxd8 42. Rb8 Qc6+ 43. f3 Qe8 44. Rxd8 Qxd8 45. Qxb2 h5 46.
Qe5 hxg4 47. hxg4 Qd2 48. g5 1-0

[Event "Wch Juvenil 2013 sub-14"]
[Site "Al-Ain UAE"]
[Date "2013.12.28"]
[Round "11.36"]
[White "Ahn, Hongjin"]
[Black "Loh, Zachary"]
[Result "1/2-1/2"]
[WhiteElo "1907"]
[BlackElo "2036"]
[PlyCount "185"]
[EventDate "2013.12.19"]
[EventType "swiss"]
[EventRounds "11"]
[EventCountry "UAE"]
[Source "lmi"]
[SourceDate "2013.12.19"]

1. Nf3 Nf6 2. g3 g6 3. Bg2 Bg7 4. O-O O-O 5. c4 c5 6. Nc3 Nc6 7. d4 cxd4 8.
Nxd4 a6 9. Nc2 d6 10. e4 Bg4 11. f3 Bd7 12. b3 b5 13. cxb5 axb5 14. Be3 Ng4 15.
fxg4 Bxc3 16. Bh6 Bg7 17. g5 Ne5 18. Bxg7 Kxg7 19. Qd4 Qc7 20. Rfc1 Qc5 21.
Qxc5 dxc5 22. Ne3 Rac8 23. Nd5 e6 24. Nb6 Rc7 25. Nxd7 Nxd7 26. e5 Nxe5 27. a4
bxa4 28. bxa4 c4 29. a5 Rb8 30. a6 Ra7 31. Ra5 Ng4 32. Bb7 Rd8 33. Bf3 Ne3 34.
Kf2 Rd3 35. Bb7 Ng4+ 36. Ke2 Nxh2 37. Rxc4 Rxg3 38. Kf2 Rg4 39. Rc8 Rb4 40. Ra8
Rbxb7 41. axb7 Rxb7 42. Ra4 Rb2+ 43. Kg3 Nf1+ 44. Kf3 h6 45. gxh6+ Kxh6 46.
Rh4+ Kg7 47. Ra1 Rb3+ 48. Kf2 Ne3 49. Ra7 g5 50. Re4 Nd5 51. Rxe6 g4 52. Re4
Rf3+ 53. Kg1 Nf6 54. Ree7 Nh5 55. Re4 Rg3+ 56. Kh2 Kg6 57. Ra6+ Kf5 58. Rb4
Rh3+ 59. Kg1 Kg5 60. Rb5+ f5 61. Ra4 Rf3 62. Ra2 g3 63. Rb8 Rc3 64. Ra4 Nf6 65.
Rb5 Rc2 66. Raa5 Rf2 67. Ra3 Kh4 68. Rb6 Ne4 69. Rh6+ Kg5 70. Rh8 Rb2 71. Rc8
Kf4 72. Rd8 Rb4 73. Rg8 Rb1+ 74. Kg2 Rb2+ 75. Kg1 Re2 76. Raxg3 Nxg3 77. Rg4+
Kf3 78. Rf4+ Ke3 79. Rf3+ Ke4 80. Rxg3 f4 81. Ra3 Rb2 82. Kf1 Kf5 83. Kg1 Kg4
84. Rc3 Rb8 85. Kg2 Rb2+ 86. Kg1 f3 87. Rc8 Kf4 88. Rf8+ Ke3 89. Re8+ Kd3 90.
Rf8 Ke2 91. Re8+ Kd1 92. Re3 Rb1 93. Kf2 1/2-1/2

[Event "Wch Juvenil 2013 sub-14"]
[Site "Al-Ain UAE"]
[Date "2013.12.28"]
[Round "11.37"]
[White "Pigeat, Alexandre"]
[Black "Visveshwar, A."]
[Result "1-0"]
[WhiteElo "2002"]
[BlackElo "1870"]
[PlyCount "113"]
[EventDate "2013.12.19"]
[EventType "swiss"]
[EventRounds "11"]
[EventCountry "UAE"]
[Source "lmi"]
[SourceDate "2013.12.19"]

1. d4 Nf6 2. c4 e5 3. dxe5 Ng4 4. Nf3 Nc6 5. Bf4 Bb4+ 6. Nbd2 Qe7 7. a3 Ngxe5
8. Nxe5 Nxe5 9. e3 Bxd2+ 10. Qxd2 d6 11. Be2 O-O 12. Qc3 c5 13. Rd1 b6 14. O-O
Bb7 15. Rd2 Rad8 16. Rfd1 f6 17. b4 Bc6 18. Bg3 Kh8 19. b5 Ba8 20. f3 Bb7 21.
a4 Qc7 22. e4 Rfe8 23. Qc2 Nf7 24. Qc3 Rd7 25. Qe3 Rdd8 26. Qc3 Re7 27. Kf2
Red7 28. Ra1 Ng5 29. Kg1 Ne6 30. a5 Re7 31. axb6 axb6 32. Ra7 Nd4 33. Bd3 Qb8
34. Ra1 Rde8 35. Bf2 Ne6 36. Rad1 Rd8 37. Bb1 Red7 38. Qc2 g6 39. Qc3 Kg7 40.
Bg3 Nd4 41. h4 h5 42. Bf2 Ne6 43. Qe3 Bc8 44. Rd5 Bb7 45. R5d2 Bc8 46. f4 Re7
47. Qg3 Nf8 48. f5 Bb7 49. Qf4 Re5 50. Be3 Kf7 51. Qh6 Bxe4 52. Bf4 Bxb1 53.
Bxe5 Bxf5 54. Bxd6 Rxd6 55. Rxd6 Qe8 56. Qd2 Qe5 57. Re1 1-0

[Event "Wch Juvenil 2013 sub-14"]
[Site "Al-Ain UAE"]
[Date "2013.12.28"]
[Round "11.38"]
[White "Hoang, Harry"]
[Black "Baterdene, Tsogbayar"]
[Result "1/2-1/2"]
[WhiteElo "1990"]
[BlackElo "1816"]
[PlyCount "130"]
[EventDate "2013.12.19"]
[EventType "swiss"]
[EventRounds "11"]
[EventCountry "UAE"]
[Source "lmi"]
[SourceDate "2013.12.19"]

1. e4 c5 2. Nf3 d6 3. d4 cxd4 4. Nxd4 Nf6 5. Nc3 a6 6. Be3 e5 7. Nf3 Qc7 8. a4
h6 9. a5 Be6 10. Nd5 Nxd5 11. exd5 Bf5 12. c4 Be7 13. Be2 O-O 14. O-O Nd7 15.
b4 Bg6 16. Nd2 f5 17. f4 Bf6 18. Rc1 Rac8 19. Nb3 Bh7 20. c5 exf4 21. Bxf4 Ne5
22. Nd4 Qe7 23. c6 g5 24. Bxe5 Bxe5 25. Ne6 Rf6 26. cxb7 Qxb7 27. Rxc8+ Qxc8
28. Qc1 Qb8 29. Qc7 Qxc7 30. Nxc7 Bd4+ 31. Kh1 Rf7 32. Rc1 Re7 33. Ne6 Be3 34.
Rc6 Bd2 35. Bh5 Kh8 36. Rxd6 Bxb4 37. Rxa6 Rd7 38. Ra8+ Bg8 39. a6 Rxd5 40. a7
Ra5 41. g3 Kh7 42. Bg6+ Kxg6 43. Rxg8+ Kf6 44. a8=N Rxa8 45. Rxa8 Kxe6 46. Rh8
g4 47. Rxh6+ Ke5 48. Rg6 Bc3 49. Kg2 Bd4 50. Rg8 Kf6 51. Kf1 Kf7 52. Rd8 Be3
53. Rd6 Ke7 54. Ra6 Kf7 55. Rc6 Kg7 56. Re6 Bd4 57. Ke2 Bg1 58. Kf1 Bd4 59. Re2
Kf6 60. Ke1 Kg5 61. Kd2 f4 62. Kd3 f3 63. Re4 Bg1 64. Re5+ Kg6 65. Re6+ Kg5
1/2-1/2

[Event "Wch Juvenil 2013 sub-14"]
[Site "Al-Ain UAE"]
[Date "2013.12.28"]
[Round "11.39"]
[White "Kutsanyan, Andranik"]
[Black "Banik, Siddharth G"]
[Result "1/2-1/2"]
[WhiteElo "1907"]
[BlackElo "1978"]
[PlyCount "137"]
[EventDate "2013.12.19"]
[EventType "swiss"]
[EventRounds "11"]
[EventCountry "UAE"]
[Source "lmi"]
[SourceDate "2013.12.19"]

1. e4 c5 2. Nf3 d6 3. d4 cxd4 4. Nxd4 Nf6 5. Nc3 a6 6. Bc4 e6 7. Bb3 Nbd7 8. f4
Nc5 9. Qf3 Be7 10. O-O O-O 11. Be3 Qc7 12. Rae1 b5 13. e5 Bb7 14. exf6 Bxf3 15.
fxe7 Qxe7 16. Rxf3 b4 17. Na4 Qc7 18. Ne2 Qc6 19. Nxc5 dxc5 20. Bc4 Rad8 21.
Nc1 Qe4 22. Bd3 Qd5 23. b3 e5 24. Bc4 Qe4 25. Nd3 exf4 26. Bxc5 Qc6 27. Bxf8
Rxf8 28. Rxf4 h6 29. Nxb4 Qd6 30. Nd3 Kh7 31. Rxf7 Rxf7 32. Bxf7 Qd4+ 33. Kh1
Qc3 34. Rc1 g5 35. Bh5 Kg7 36. a4 a5 37. Bf3 Kg6 38. Be4+ Kg7 39. Kg1 h5 40.
Nf2 g4 41. Bd3 Qd4 42. Kf1 h4 43. c3 Qf4 44. Re1 g3 45. hxg3 hxg3 46. Re2 gxf2
47. Rxf2 Qc1+ 48. Ke2 Qb2+ 49. Kf1 Qxb3 50. Bc2 Qxc3 51. Re2 Kf6 52. Rf2+ Kg5
53. Re2 Qc4 54. Ke1 Qd4 55. Kf1 Kf6 56. Bb3 Qa1+ 57. Kf2 Kg5 58. Re3 Qb2+ 59.
Kf1 Qc1+ 60. Ke2 Qg1 61. Rg3+ Kf6 62. Bc2 Qc1 63. Bb3 Ke5 64. Kf2 Qf4+ 65. Rf3
Qd2+ 66. Kg1 Ke4 67. Rh3 Qe1+ 68. Kh2 Qf2 69. Rf3 1/2-1/2

[Event "Wch Juvenil 2013 sub-14"]
[Site "Al-Ain UAE"]
[Date "2013.12.28"]
[Round "11.40"]
[White "Bashirli, Nail Qoshqar"]
[Black "Djurhuus, Eivind X"]
[Result "1/2-1/2"]
[WhiteElo "1887"]
[BlackElo "1978"]
[PlyCount "118"]
[EventDate "2013.12.19"]
[EventType "swiss"]
[EventRounds "11"]
[EventCountry "UAE"]
[Source "lmi"]
[SourceDate "2013.12.19"]

1. e4 c5 2. Nf3 g6 3. c4 Nc6 4. d4 cxd4 5. Nxd4 Nf6 6. Nc3 d6 7. Be2 Nxd4 8.
Qxd4 Bg7 9. Be3 O-O 10. Qd2 Be6 11. f3 Qa5 12. Nd5 Qxd2+ 13. Kxd2 Nxd5 14. exd5
Bd7 15. Rab1 a5 16. b3 e6 17. Bf4 exd5 18. cxd5 Rfd8 19. Rhc1 Be5 20. Bg3 Bxg3
21. hxg3 Rdc8 22. g4 b5 23. Bd3 Kf8 24. g3 h6 25. Ke3 b4 26. Kd4 Rxc1 27. Rxc1
Rc8 28. Rh1 Kg7 29. Bc4 Re8 30. Ra1 Rc8 31. a3 bxa3 32. Rxa3 Rc5 33. Kc3 Bc8
34. b4 axb4+ 35. Kxb4 g5 36. Ra5 Rxa5 37. Kxa5 Kf6 38. Kb6 Ke5 39. Kc7 Kd4 40.
Bf1 Bxg4 41. fxg4 Kxd5 42. Bg2+ Ke5 43. Kc6 f5 44. Bf3 f4 45. gxf4+ gxf4 46.
Bd5 Kf6 47. Kxd6 h5 48. gxh5 Kg7 49. Ke7 f3 50. Bxf3 Kh7 51. Kf6 Kh8 52. Kg5
Kh7 53. Be4+ Kh8 54. h6 Kg8 55. Bg6 Kh8 56. Kf4 Kg8 57. Ke5 Kh8 58. Kd6 Kg8 59.
Kd7 Kh8 1/2-1/2

[Event "Wch Juvenil 2013 sub-14"]
[Site "Al-Ain UAE"]
[Date "2013.12.28"]
[Round "11.41"]
[White "Agmanov, Zhandos"]
[Black "Kokaia, Guram"]
[Result "1-0"]
[WhiteElo "1972"]
[BlackElo "1812"]
[PlyCount "117"]
[EventDate "2013.12.19"]
[EventType "swiss"]
[EventRounds "11"]
[EventCountry "UAE"]
[Source "lmi"]
[SourceDate "2013.12.19"]

1. e4 c5 2. Nf3 d6 3. d4 cxd4 4. Nxd4 Nf6 5. Nc3 g6 6. Bc4 Bg7 7. h3 O-O 8. Bb3
Nc6 9. Be3 Bd7 10. O-O Rc8 11. f4 a6 12. a4 Qc7 13. Re1 Na5 14. Qd3 Nxb3 15.
Nxb3 Be6 16. Nd2 Nd7 17. Bd4 Nc5 18. Qe3 Bxd4 19. Qxd4 Qb6 20. f5 Bd7 21. Nd5
Qd8 22. b4 Nxa4 23. f6 e5 24. Qe3 Kh8 25. Qh6 Rg8 26. Ne7 Qf8 27. Nxg8 Kxg8 28.
Qxf8+ Kxf8 29. c4 Nb2 30. Rec1 Nd3 31. Rcb1 Ke8 32. g3 b5 33. Rxa6 bxc4 34.
Rxd6 Bb5 35. Nxc4 Bxc4 36. b5 Nc5 37. Rb4 Nxe4 38. Rc6 Rxc6 39. bxc6 Nxf6 40.
Rxc4 Kd8 41. Kg2 Kc7 42. Rc5 e4 43. Kf2 Ne8 44. Ke3 Kd6 45. Rc1 f5 46. g4 Nc7
47. gxf5 gxf5 48. Kf4 Nd5+ 49. Kxf5 Ne7+ 50. Kxe4 Nxc6 51. Kf5 Ne7+ 52. Kg5 Ke6
53. Kh6 Kf6 54. Rg1 Nf5+ 55. Kxh7 Nh4 56. Rg4 Nf5 57. h4 Ne7 58. Rf4+ Nf5 59.
h5 1-0

[Event "Wch Juvenil 2013 sub-14"]
[Site "Al-Ain UAE"]
[Date "2013.12.28"]
[Round "11.42"]
[White "Bunyatov, Rustam Faiq"]
[Black "Liao, Yu Hao"]
[Result "1-0"]
[WhiteElo "1965"]
[BlackElo "1770"]
[PlyCount "105"]
[EventDate "2013.12.19"]
[EventType "swiss"]
[EventRounds "11"]
[EventCountry "UAE"]
[Source "lmi"]
[SourceDate "2013.12.19"]

1. d4 Nf6 2. Nf3 g6 3. c4 Bg7 4. Nc3 d5 5. Bg5 Ne4 6. cxd5 Nxc3 7. bxc3 Qxd5 8.
Qb3 Qa5 9. e3 Bg4 10. Qb5+ Qxb5 11. Bxb5+ Nd7 12. Rb1 f6 13. Bh4 h5 14. h3 g5
15. Bg3 Bxf3 16. gxf3 O-O-O 17. f4 c6 18. Bc4 e5 19. dxe5 fxe5 20. fxg5 h4 21.
Bh2 e4 22. Be6 Bxc3+ 23. Ke2 Rhe8 24. Bg4 Be5 25. Bxe5 Rxe5 26. Rhd1 Rd5 27.
Rxd5 cxd5 28. Rd1 Kc7 29. Rxd5 Nb6 30. Rxd8 Kxd8 31. Bf5 Na4 32. Bxe4 Nc3+ 33.
Kf3 b5 34. a3 a5 35. Bc2 a4 36. Kg4 Ke7 37. Kh5 Nd5 38. Be4 Nb6 39. Bc6 b4 40.
Bxa4 bxa3 41. Bb3 Nd7 42. f4 Nc5 43. Ba2 Ne4 44. f5 Nc3 45. f6+ Kf8 46. Bb3 a2
47. g6 a1=Q 48. g7+ Ke8 49. g8=Q+ Kd7 50. Qe6+ Kc7 51. Qe5+ Kb6 52. f7 Qf1 53.
Qd6+ 1-0

[Event "Wch Juvenil 2013 sub-14"]
[Site "Al-Ain UAE"]
[Date "2013.12.28"]
[Round "11.43"]
[White "Tavzarashvili, Giorgi"]
[Black "Akhgari, Reza"]
[Result "0-1"]
[WhiteElo "1692"]
[BlackElo "2000"]
[PlyCount "80"]
[EventDate "2013.12.19"]
[EventType "swiss"]
[EventRounds "11"]
[EventCountry "UAE"]
[Source "lmi"]
[SourceDate "2013.12.19"]

1. e4 e6 2. d4 d5 3. Nd2 Nf6 4. e5 Nfd7 5. Bd3 c5 6. c3 Nc6 7. Ne2 cxd4 8. cxd4
f6 9. Nf4 Qe7 10. exf6 gxf6 11. Qh5+ Qf7 12. Bg6 hxg6 13. Qxh8 Nxd4 14. O-O e5
15. Nd3 b6 16. Nb3 Ne6 17. f4 Ba6 18. Rd1 O-O-O 19. Qh3 e4 20. Ne1 Ndc5 21. Be3
f5 22. Nxc5 bxc5 23. Rac1 d4 24. Bd2 Be2 25. Qa3 Rd6 26. Bb4 Ra6 27. Qb3 Bxd1
28. Qxd1 Kb8 29. Qc2 Qc7 30. Ba3 Nxf4 31. Qc4 Qc6 32. g3 Nd5 33. Ng2 d3 34. Kf1
Ka8 35. Bxc5 d2 36. Rd1 e3 37. b4 Ra4 38. Qb3 Bxc5 39. bxc5 Re4 40. Ke2 Qxc5
0-1

[Event "Wch Juvenil 2013 sub-14"]
[Site "Al-Ain UAE"]
[Date "2013.12.28"]
[Round "11.44"]
[White "Higgs, Joshua"]
[Black "Viswanadha, Kesav"]
[Result "0-1"]
[WhiteElo "1824"]
[BlackElo "2169"]
[PlyCount "70"]
[EventDate "2013.12.19"]
[EventType "swiss"]
[EventRounds "11"]
[EventCountry "UAE"]
[Source "lmi"]
[SourceDate "2013.12.19"]

1. e4 c5 2. Nf3 d6 3. Bb5+ Nd7 4. c4 Ngf6 5. Nc3 a6 6. Ba4 e6 7. d4 cxd4 8.
Nxd4 Be7 9. O-O Qc7 10. b3 b5 11. Ndxb5 axb5 12. Nxb5 Qb8 13. Re1 O-O 14. Ba3
Nc5 15. Bxc5 dxc5 16. e5 Nd7 17. Nd6 Nxe5 18. Nxc8 Rxc8 19. f4 Ng6 20. f5 exf5
21. Qd7 Bf6 22. Rad1 f4 23. Qf5 Bd4+ 24. Kh1 Qb7 25. Qh5 h6 26. Re2 Be3 27. Qf5
Rd8 28. Ree1 Nh4 29. Qg4 Nxg2 30. Rxd8+ Rxd8 31. h4 Nxe1+ 32. Bc6 Qxc6+ 33. Kh2
Rd2+ 34. Qe2 Rxe2+ 35. Kh3 Qg2# 0-1

[Event "Wch Juvenil 2013 sub-14"]
[Site "Al-Ain UAE"]
[Date "2013.12.28"]
[Round "11.45"]
[White "Acsinte, Matei-Ionut"]
[Black "Tello Chavez, Isaac Valent"]
[Result "1/2-1/2"]
[WhiteElo "2094"]
[BlackElo "1823"]
[PlyCount "60"]
[EventDate "2013.12.19"]
[EventType "swiss"]
[EventRounds "11"]
[EventCountry "UAE"]
[Source "lmi"]
[SourceDate "2013.12.19"]

1. e4 d5 2. exd5 Qxd5 3. Nc3 Qa5 4. d4 Nf6 5. Nf3 Bg4 6. h3 Bh5 7. g4 Bg6 8.
Ne5 e6 9. Nc4 Qa6 10. Bf4 Qc6 11. Rg1 Bb4 12. Qe2 Nbd7 13. Bd2 Bxc3 14. Bxc3
Nb6 15. Ne5 Qe4 16. O-O-O Qxe2 17. Bxe2 Ne4 18. Be1 f6 19. Nxg6 hxg6 20. f3 Ng5
21. h4 Nh3 22. Rh1 Nf4 23. Bf1 g5 24. Bd2 O-O-O 25. c3 Nbd5 26. h5 g6 27. h6
Rh7 28. Re1 Kd7 29. c4 Ne7 30. Re4 f5 1/2-1/2